header

Anthony Giddens and modern social theory (Record no. 213387)

MARC details
000 -LEADER
fixed length control field 01419nam a2200373 a 4500
082 04 - DEWEY DECIMAL CLASSIFICATION NUMBER
Classification number 301/.01
100 1# - MAIN ENTRY--AUTHOR NAME
Personal name Tucker, Kenneth H.
245 10 - TITLE STATEMENT
Title Anthony Giddens and modern social theory
260 ## - PUBLICATION, DISTRIBUTION, ETC. (IMPRINT)
Place of publication London ;
-- Thousand Oaks, Calif. :
Name of publisher Sage,
Year of publication 1998.
300 ## - PHYSICAL DESCRIPTION
Number of Pages 224 p.
505 0# - FORMATTED CONTENTS NOTE
Formatted contents note pt. 1. The reconstruction of social theory -- pt. 2. Social change and modernity.
650 #0 - SUBJECT ADDED ENTRY--TOPICAL TERM
Topical Term Sociology
Topical Term Social sciences
Topical Term Sociology
856 40 - ELECTRONIC LOCATION AND ACCESS
Uniform Resource Identifier http://site.ebrary.com/lib/rucke/Doc?id=10369704

No items available.

© 2026 Rongo University
Contact us: librarian | system librarian | Rongo university